00993cam a22002531 45000010005000000030008000050050017000130080039000300350018000690350018000870400036001050410008001410510163001490820021003121000030003332450081003632600041004443000021004856000030005066000037005366500056005737000056006297100054006855965BD-RjUL20211208234149.0080114s1953 nyu 000 0 eng a(BD-RjUL)6004 a(OCoLC)264585 aDLCcOYUdOCoLCd(BD-RjUL)beng aeng aPS3511.A784bP37 1953cAdditional gift: Estate of Paul Avrich, 2006. Dust jacket. Has name of former owner, Luigi Quintiliano handwritten on front paste-down. a759.13bFAP 19531 aFast, Howard,d1914-2003.14aThe passion of Sacco and Vanzetti :ba New England legend /cby Howard Fast. aNew York :bBlue Heron Press,c1953. a254 p. ;c21 cm.10aSacco, Nicola,d1891-192710aVanzetti, Bartolomeo,d1888-1927 0aSacco-Vanzetti Trial, Dedham, Mass., 1921vFiction.1 aQuintiliano, Luigi,d1893-1970,eformer owner.5DLC2 aPaul Avrich Collection (Library of Congress)5DLC